000 00267nam a2200121Ia 4500
008 191201s2010 xx 000 0 und d
100 _aVAYDANDE,Neeta
245 0 _aBusiness Development
260 _aIBH
_bIBH
_c2010
300 _a169
650 _aBBA
942 _2ddc
_cBK
999 _c747
_d747